La empresa española en el Pacífico (Record no. 169477)

MARC details
000 -LEADER
campo de control de longitud fija 00834nam a22002175i 4500
001 - NÚMERO DE CONTROL
campo de control 169477
003 - IDENTIFICADOR DE NÚMERO DE CONTROL
campo de control ES-MaACL
005 - FECHA Y HORA DE LA ÚLTIMA TRANSACCIÓN
campo de control 20231216062912.0
008 - DATOS DE LONGITUD FIJA--INFORMACIÓN GENERAL
campo de control de longitud fija 080917s2004 sp |||| | spa d
080 ## - NÚMERO DE LA CLASIFICACIÓN DECIMAL UNIVERSAL
Número de la Clasificación Decimal Universal 94(599)"15"(082.2)
100 1# - ENTRADA PRINCIPAL--NOMBRE DE PERSONA
Nombre de persona Pérez de Tudela y Bueso, Juan,
Fechas asociadas al nombre 1922-2004
9 (RLIN) 90810
245 13 - MENCIÓN DEL TÍTULO
Título La empresa española en el Pacífico
Resto del título : antecedentes al establecimiento en las Filipinas /
Mención de responsabilidad, etc. Juan Pérez de Tudela y Bueso.
260 ## - PUBLICACIÓN, DISTRIBUCIÓN, ETC.
Lugar de publicación, distribución, etc. Madrid :
Nombre del editor, distribuidor, etc. Real Academia de la Historia,
Fecha de publicación, distribución, etc. [2004]
300 ## - DESCRIPCIÓN FÍSICA
Extensión p. 23-95 ;
Dimensiones 23 cm.
490 1# - MENCIÓN DE SERIE
Mención de serie Estudios
595 ## -
-- Separata de: "En memoria de Miguel López de Legazpi / Juan Pérez de Tudela y Bueso (coord.)"
651 #4 - PUNTO DE ACCESO ADICIONAL DE MATERIA--NOMBRE GEOGRÁFICO
Nombre geográfico Filipinas-
Subdivisión general Historia-
Subdivisión cronológica S.XVI.
9 (RLIN) 138617
830 0# - PUNTO DE ACCESO ADICIONAL DE SERIE-TÍTULO UNIFORME
Título uniforme Estudios
9 (RLIN) 177349
852 4# - LOCALIZACIÓN
Ubicación ES-MaACL
Número de control de estantería 2236-F-12
itemnumber R.142394
Holdings
Estatus retirado Estado de pérdida Estado de daño No para préstamo Colección Biblioteca de origen Biblioteca actual Ubicación en estantería Fecha de adquisición Fuente de adquisición Total de préstamos Signatura topográfica completa Código de barras Visto por última vez Precio de reemplazo Tipo de ítem Koha
        Colección de folletos Biblioteca del Ateneo de Madrid Biblioteca del Ateneo de Madrid Depósito folletos 17/09/2008     2236-F-12 1177922 23/02/2023 23/02/2023 Folleto